|
|
|
|
| LEADER |
01595nam a2200373 a 4500 |
| 001 |
35617 |
| 003 |
BD-DhAAL |
| 005 |
20191114110017.0 |
| 008 |
191114t2005 caua b 001 0 eng d |
| 999 |
|
|
|c 41813
|d 41813
|
| 010 |
|
|
|a 2004116992
|
| 020 |
|
|
|a 1412903033
|
| 020 |
|
|
|a 9781412903035
|
| 020 |
|
|
|a 1412903025
|
| 040 |
|
|
|a DLC
|c DLC
|d DLC
|d BD-DhAAL
|
| 042 |
|
|
|a pcc
|
| 043 |
|
|
|a e-uk---
|
| 050 |
0 |
0 |
|a LC3986.G7
|b G53 2005
|
| 082 |
0 |
0 |
|a 371.9
|2 22
|
| 100 |
1 |
|
|a Gibson, Suanne.
|9 37107
|
| 245 |
1 |
0 |
|a Managing special educational needs :
|b a practical guide for primary and secondary schools /
|c Suanne Gibson and Sonia Blandford.
|
| 260 |
|
|
|a London :
|b Paul Chapman Pub. ;
|a Thousand Oaks, CA :
|b PCP/Sage Publications,
|c c2005.
|
| 300 |
|
|
|a xiv, 158 pages :
|b illustrations ;
|c 31 cm.
|
| 504 |
|
|
|a Includes bibliographical references (pages 143-153) and index.
|
| 526 |
|
|
|a BIED
|
| 541 |
|
|
|a Complimentary copy from BIED
|e 35617
|
| 650 |
|
0 |
|a Special education
|z Great Britain
|x Administration.
|9 37108
|
| 650 |
|
0 |
|a Children with disabilities
|x Education (Elementary)
|z Great Britain.
|9 37109
|
| 650 |
|
0 |
|a Children with disabilities
|x Education (Secondary)
|z Great Britain.
|9 37110
|
| 650 |
|
0 |
|a School management and organization
|z Great Britain.
|9 37111
|
| 700 |
1 |
|
|a Blandford, Sonia.
|9 37112
|
| 852 |
|
|
|a Ayesha Abed Library
|c General Stacks
|
| 942 |
|
|
|2 ddc
|c BK
|
| 952 |
|
|
|0 0
|1 0
|2 ddc
|4 0
|6 371_900000000000000_GIB
|7 0
|9 67138
|a BRACUL
|b BRACUL
|c GEN
|d 2019-11-14
|e Complimentary copy from BIED
|l 0
|o 371.9 GIB
|p 3010035617
|r 2019-11-14
|t 1
|w 2019-11-14
|y BK
|x Transferred from BIED to General Stacks
|